ロード中...

Nabiyum sahabimarum /

書誌詳細
第一著者: Muhammed Koya, C H
フォーマット: Printed Book
言語:Malayalam
出版事項: Kozhikkode: Olive, 2010
主題:
LEADER 00586 a2200169 4500
008 130711b xxu||||| |||| 00| 0 mal d
020 |a 9788187474524 
082 |a 297.63 
100 |a Muhammed Koya, C H 
245 |a Nabiyum sahabimarum /  |c C H Muhammed Koya 
260 |a Kozhikkode:  |b Olive,  |c 2010 
300 |a 90p. ;  |c 22 cm. 
546 |a in malayalam 
650 |a Muhammad,Prophet,d.632  |x Companions 
942 |c BK 
999 |c 98809  |d 98809 
952 |0 0  |1 0  |4 0  |6 297_630000000000000_MUH_N_M  |7 0  |9 98240  |a UL  |b UL  |c PROC  |d 2013-01-31  |e 2  |g 49.00  |l 1  |o 297.63 MUH/N M  |p 88351  |r 2015-05-28  |s 2015-05-15  |v 70.00  |y BK